Znane imiona #3 - Statystyki

Ogólne statystyki
  • Ten quiz został rozwiązany 1 220 razy
  • Średni wynik to 5 z 14
Statystyki odpowiedzi
Imię Nazwy rodzinne % Poprawnych
Krzysztof Kieślowski, Kolumb, Krawczyk
98%
Adam Mickiewicz, Sztaba, Darski
94%
George Bush, Orwell, Soros, Michael
60%
Paul Gauguin, Anka, McCartney
52%
Klaudia Halejcio, Jans-Ignacik, Alagierska
38%
Victor Hugo, Moses, Pițurcă
32%
Richard Wagner, Nixon, Dawkins
29%
Brigitte Bardot, Macron, Nielsen
23%
Vanessa Paradis, Williams, Redgrave
22%
Boris Becker, Karloff, Spasski, Pasternak
17%
Linda Kozlowski, Rybová, Evangelista, Evans
15%
André Breton, Gide, Onana, 3000
14%
François Duval, Mitterrand, Hollande
14%
Nadia Comăneci, Szagdaj, Boulanger, Murad
10%
Nie znaleziono quizów pasujących do podanych kryteriów
Rozkład punktacji
Procent ludzi z każdym wynikiem
Percentyl według liczby udzielonych odpowiedzi
Twoja historia wyników
Nie rozwiązałeś tego quizu